000 00873nmm a2200277 a 4500
001 ocm0002347252
003 TR-IsHL
005 20201028184834.0
008 190530s2017 tu tur
007 cr cn
020 _a9786051431789
035 _a2347252
_b(N$T)
050 0 4 _aPL248.T67
_bM85 2017
090 0 4 _aPL248.T67
_bM85 2017
100 1 _aTopal, Semra
245 1 0 _aMukaddes cildin parçalanışı
_h[electronic resource] /
_cSemra Topal
250 _a2. Basım
260 _aİstanbul :
_bKAFEKÜLTÜR Yayıncılık ,
_c2017
300 _a242 p.
650 4 _aDil ve Edebiyat
650 4 _aLanguage and Literature
650 0 _aTürk romanı
650 0 _aTurkish fiction
650 7 _aLITERARY COLLECTIONS / Middle Eastern
_2bisacsh
856 4 0 _uhttp://search.ebscohost.com/login.aspx?direct=true&scope=site&db=e011xww&AN=2347252
999 _c21187
_d21187